[Event "Bratislava exe op"]
[Site "Bratislava"]
[Date "2023.09.22"]
[Round "8"]
[White "Demeter, Peter"]
[Black "Cichon, Bartlomiej"]
[Result "0-1"]
[WhiteElo "2113"]
[BlackElo "1933"]
[PlyCount "64"]
[EventDate "2023.09.15"]
[EventType "swiss"]
[EventRounds "9"]
[EventCountry "SVK"]
[SourceTitle "EXT 2024"]
[Source "ChessBase"]
[SourceDate "2023.10.10"]
[SourceVersion "1"]
[SourceVersionDate "2023.10.10"]
[SourceQuality "1"]

1. Nf3 g6 2. g3 Bg7 3. Bg2 c5 4. c4 Nc6 5. Nc3 d6 6. d3 e6 7. e4 Nge7 8. h4 h6 9. Be3 Nd4 10. Qd2 Nec6 11. 0-0 a6 12. Bxd4 cxd4 13. Ne2 e5 14. b4 b5 15. Rfc1 Qb6 16. a3 0-0 17. c5 dxc5 18. Rxc5 Bd7 19. Rac1 Rfc8 20. R1c2 a5 21. Rb2 axb4 22. axb4 Bg4 23. Kh2 Kh7 24. Rc1 Ra4 25. Rcb1 Rca8 26. Nfg1 Bf8 27. Bh3 Bxh3 28. Nxh3 Ra1 29. f4 Rxb1 30. Rxb1 Ra4 31. fxe5 Nxe5 32. Nhf4 Nf3+ 0-1

[Event "Bratislava exe op"]
[Site "Bratislava"]
[Date "2023.09.18"]
[Round "4"]
[White "Jancura, Andrej"]
[Black "Demeter, Peter"]
[Result "0-1"]
[WhiteElo "1845"]
[BlackElo "2113"]
[PlyCount "82"]
[EventDate "2023.09.15"]
[EventType "swiss"]
[EventRounds "9"]
[EventCountry "SVK"]
[SourceTitle "EXT 2024"]
[Source "ChessBase"]
[SourceDate "2023.10.10"]
[SourceVersion "1"]
[SourceVersionDate "2023.10.10"]
[SourceQuality "1"]

1. d4 c5 2. Nf3 cxd4 3. Nxd4 Nf6 4. c4 g6 5. Nc3 Bg7 6. e4 d6 7. f3 0-0 8. Be3 Nc6 9. Qd2 Nxd4 10. Bxd4 Be6 11. Be2 Qa5 12. Nd5 Qxd2+ 13. Kxd2 Bxd5 14. exd5 Nd7 15. Bxg7 Kxg7 16. f4 a5 17. b3 Nc5 18. Bd3 h5 19. Rae1 Kf6 20. Bc2 Rfb8 21. a4 h4 22. Re3 Rh8 23. Rh3 Rh6 24. g4 Kg7 25. Kc3 b6 26. Rg1 Rhh8 27. g5 Rh5 28. Rg4 Rah8 29. f5 Nd7 30. Rg1 Ne5 31. Bd1 R5h7 32. Rf1 Re8 33. f6+ exf6 34. Rxf6 Rd8 35. Rf4 Nd7 36. Rhxh4 Rxh4 37. Rxh4 Re8 38. Rh3 Re1 39. Bc2 Re2 40. Rh6 Rg2 41. h4 Nf6 0-1

[Event "SVK-ch Seniors 65"]
[Site "Tatranske Matliare"]
[Date "2021.06.25"]
[Round "7"]
[White "Demeter, Peter"]
[Black "Petran, Peter"]
[Result "1-0"]
[WhiteElo "2118"]
[BlackElo "2231"]
[PlyCount "113"]
[EventDate "2021.06.20"]
[EventType "swiss"]
[EventRounds "9"]
[EventCountry "SVK"]
[SourceTitle "EXT 2022"]
[Source "ChessBase"]
[SourceDate "2021.10.06"]
[SourceVersion "1"]
[SourceVersionDate "2021.10.06"]
[SourceQuality "1"]

1. Nf3 g6 2. g3 Bg7 3. Bg2 e5 4. d3 d5 5. 0-0 Ne7 6. e4 Nbc6 7. c3 h6 8. Nbd2 Be6 9. Nb3 0-0 10. Nc5 Bc8 11. exd5 Nxd5 12. d4 exd4 13. Nxd4 Nxd4 14. cxd4 c6 15. Nb3 b6 16. Qc2 Qd6 17. Bd2 Be6 18. Rad1 a5 19. Bc3 Rfc8 20. Nc1 Ra7 21. Rfe1 h5 22. Nd3 Bg4 23. f3 Bf5 24. Qd2 Rd8 25. Ne5 Be6 26. f4 Nxc3 27. bxc3 Bd5 28. c4 Bxg2 29. Qxg2 Rc7 30. Qe4 b5 31. c5 Qd5 32. Qxd5 Rxd5 33. Kf2 Bxe5 34. fxe5 Re7 35. a3 Kg7 36. Re4 g5 37. h4 g4 38. Ke3 Re6 39. Rf1 Rd7 40. Ref4 a4 41. Rf5 Rh6 42. Kd3 Re7 43. Kc3 Kf8 44. Rf6 Rxf6 45. Rxf6 Re6 46. Rf5 Rh6 47. Kb4 Ke7 48. d5 cxd5 49. Kxb5 Rh8 50. Rf6 d4 51. Rd6 Rb8+ 52. Kxa4 d3 53. Rxd3 Ke6 54. Ka5 Kxe5 55. c6 Ke4 56. Rc3 Kd4 57. Rc1 1-0

[Event "SVK-ch Seniors 65"]
[Site "Tatranske Matliare"]
[Date "2021.06.21"]
[Round "2"]
[White "Bracok, Stefan"]
[Black "Demeter, Peter"]
[Result "0-1"]
[WhiteElo "1784"]
[BlackElo "2118"]
[PlyCount "46"]
[EventDate "2021.06.20"]
[EventType "swiss"]
[EventRounds "9"]
[EventCountry "SVK"]
[SourceTitle "EXT 2022"]
[Source "ChessBase"]
[SourceDate "2021.10.06"]
[SourceVersion "1"]
[SourceVersionDate "2021.10.06"]
[SourceQuality "1"]

1. d4 Nf6 2. Nf3 g6 3. Nbd2 Bg7 4. e4 d6 5. h3 0-0 6. Bc4 d5 7. exd5 Nxd5 8. Nb3 a5 9. a4 b6 10. c3 Bb7 11. 0-0 Nd7 12. Bg5 h6 13. Bh4 N7f6 14. Nbd2 Nf4 15. Kh2 N6d5 16. Bg3 e6 17. Ba2 Nh5 18. Rc1 Nxg3 19. Bxd5 Nxf1+ 20. Nxf1 Bxd5 21. Ne3 Qd6+ 22. Kg1 Qf4 23. Nxd5 exd5 0-1

[Event "Tatry op"]
[Site "Tatranske Zruby"]
[Date "2020.10.01"]
[Round "8"]
[White "Bednar, Jan"]
[Black "Demeter, Peter"]
[Result "1/2-1/2"]
[WhiteElo "2019"]
[BlackElo "2120"]
[PlyCount "31"]
[EventDate "2020.09.26"]
[EventType "swiss"]
[EventRounds "9"]
[EventCountry "SVK"]
[SourceTitle "CBM 198 Extra"]
[Source "ChessBase"]
[SourceDate "2020.11.30"]
[SourceVersion "1"]
[SourceVersionDate "2020.11.30"]
[SourceQuality "1"]

1. e4 d6 2. d4 Nf6 3. Nc3 g6 4. g3 Bg7 5. Bg2 0-0 6. Nge2 e5 7. 0-0 Nc6 8. h3 Nxd4 9. Nxd4 exd4 10. Qxd4 Be6 11. Qd3 Qd7 12. Kh2 c6 13. Bf4 d5 14. exd5 Nxd5 15. Nxd5 cxd5 16. c3 1/2-1/2

[Event "Tatry op"]
[Site "Tatranske Zruby"]
[Date "2020.09.27"]
[Round "2"]
[White "Sevcikova, Lucia"]
[Black "Demeter, Peter"]
[Result "1/2-1/2"]
[WhiteElo "1944"]
[BlackElo "2120"]
[PlyCount "73"]
[EventDate "2020.09.26"]
[EventType "swiss"]
[EventRounds "9"]
[EventCountry "SVK"]
[SourceTitle "CBM 198 Extra"]
[Source "ChessBase"]
[SourceDate "2020.11.30"]
[SourceVersion "1"]
[SourceVersionDate "2020.11.30"]
[SourceQuality "1"]

1. e4 g6 2. d4 Bg7 3. c4 c5 4. d5 d6 5. Nc3 Nf6 6. f4 h5 7. Nf3 Na6 8. Be2 e6 9. 0-0 exd5 10. cxd5 Nc7 11. h3 0-0 12. Re1 Re8 13. Bc4 b5 14. Nxb5 Rxe4 15. Rxe4 Nxe4 16. Qe2 Nxb5 17. Bxb5 Ng3 18. Qe1 Nf5 19. Bd2 Nd4 20. Nxd4 Bxd4+ 21. Kh1 Bb7 22. Bc4 Qd7 23. Bc3 Re8 24. Qf1 Re4 25. Bd3 Re3 26. Bxd4 cxd4 27. Bc4 Qf5 28. Rd1 Qe4 29. Qf2 d3 30. b3 Re2 31. Qf1 Re3 32. Kh2 Bxd5 33. Bxd3 Qe6 34. Bc4 Bxc4 35. Qxc4 h4 36. Qxe6 Rxe6 37. Rd2 1/2-1/2

[Event "Drienica Saris op"]
[Site "Drienica"]
[Date "2020.08.15"]
[Round "9"]
[White "Demeter, Peter"]
[Black "Garancovsky, Pavol"]
[Result "1-0"]
[WhiteElo "2139"]
[BlackElo "2027"]
[PlyCount "55"]
[EventDate "2020.08.07"]
[EventType "swiss"]
[EventRounds "9"]
[EventCountry "SVK"]
[SourceTitle "CBM 197 Extra"]
[Source "ChessBase"]
[SourceDate "2020.09.30"]
[SourceVersion "1"]
[SourceVersionDate "2020.09.30"]
[SourceQuality "1"]

1. c4 c6 2. g3 d5 3. Bg2 e5 4. cxd5 cxd5 5. Nf3 f6 6. 0-0 Ne7 7. d3 Nec6 8. Nc3 Be6 9. e4 d4 10. Nd5 Na6 11. Nh4 Bd6 12. Nf5 Qd7 13. Qg4 0-0-0 14. Nxd6+ Qxd6 15. Qxg7 f5 16. Bg5 Rhg8 17. Ne7+ Nxe7 18. Qxe7 Rxg5 19. Rfc1+ Kb8 20. Qxg5 f4 21. Qh6 Nb4 22. Rd1 fxg3 23. hxg3 Bxa2 24. Qxh7 Bg8 25. Qg7 Be6 26. Qh6 Qd7 27. Qf6 Nc6 28. Rdc1 1-0

[Event "Drienica Saris op"]
[Site "Drienica"]
[Date "2020.08.07"]
[Round "1"]
[White "Demeter, Peter"]
[Black "Walterova, Ema"]
[Result "1/2-1/2"]
[WhiteElo "2139"]
[BlackElo "1790"]
[PlyCount "68"]
[EventDate "2020.08.07"]
[EventType "swiss"]
[EventRounds "9"]
[EventCountry "SVK"]
[SourceTitle "CBM 197 Extra"]
[Source "ChessBase"]
[SourceDate "2020.09.30"]
[SourceVersion "1"]
[SourceVersionDate "2020.09.30"]
[SourceQuality "1"]

1. c4 c5 2. Nf3 g6 3. Nc3 Bg7 4. d4 cxd4 5. Nxd4 Nf6 6. e4 d6 7. Be2 0-0 8. 0-0 Nbd7 9. Be3 Nc5 10. f3 b6 11. Qd2 Bb7 12. Rac1 Qd7 13. Rfd1 Rfd8 14. Bg5 Ne6 15. Nxe6 Qxe6 16. Nd5 Rac8 17. b3 Rc6 18. Bf1 Rc5 19. Be3 Rcc8 20. a4 Nxd5 21. cxd5 Qe5 22. Bc4 Rd7 23. a5 bxa5 24. Qxa5 a6 25. Bf1 Rxc1 26. Rxc1 f5 27. Qa4 Rd8 28. Qb4 Ba8 29. Bf2 Qf4 30. Rc4 Be5 31. Bg3 Qe3+ 32. Kh1 Bxg3 33. hxg3 Qh6+ 34. Kg1 Qe3+ 1/2-1/2

[Event "SVK-chT1E 1920"]
[Site "Slovakia"]
[Date "2019.12.08"]
[Round "6.7"]
[White "Demeter, Peter"]
[Black "Steiniger, Florian"]
[Result "1-0"]
[WhiteElo "2134"]
[BlackElo "1898"]
[PlyCount "59"]
[EventDate "2019.10.12"]
[EventType "team-tourn"]
[EventRounds "11"]
[EventCountry "SVK"]
[SourceTitle "CBM 194 Extra"]
[Source "ChessBase"]
[SourceDate "2020.03.31"]
[SourceVersion "1"]
[SourceVersionDate "2020.03.31"]
[SourceQuality "1"]
[WhiteTeam "Sabinov"]
[BlackTeam "Humenne Reinter II"]
[WhiteTeamCountry "SVK"]
[BlackTeamCountry "SVK"]

1. c4 e5 2. g3 Nc6 3. Bg2 f5 4. Nc3 Bb4 5. Nd5 Bc5 6. d3 Nf6 7. Nf3 0-0 8. 0-0 Kh8 9. Nxe5 Nxe5 10. d4 Bxd4 11. Qxd4 d6 12. Bg5 Neg4 13. f3 c5 14. Qd2 Ne5 15. Bxf6 gxf6 16. b3 Bd7 17. Rad1 Bc6 18. Nf4 Ng6 19. Nxg6+ hxg6 20. Qh6+ Kg8 21. Qxg6+ Kh8 22. Qxf5 Qe7 23. e4 Kg7 24. Rd2 Rh8 25. Rfd1 Rad8 26. Qf4 Rh5 27. Rxd6 Rdh8 28. h4 R5h6 29. Bh3 Re8 30. Bd7 1-0

[Event "Tatry op"]
[Site "Tatranske Zruby"]
[Date "2019.10.03"]
[Round "7"]
[White "Hrebicek, Petr"]
[Black "Demeter, Peter"]
[Result "0-1"]
[WhiteElo "1772"]
[BlackElo "2117"]
[PlyCount "82"]
[EventDate "2019.09.28"]
[EventType "swiss"]
[EventRounds "9"]
[EventCountry "SVK"]
[SourceTitle "EXT 2020"]
[Source "ChessBase"]
[SourceDate "2019.10.17"]
[SourceVersion "1"]
[SourceVersionDate "2019.10.17"]
[SourceQuality "1"]

1. e4 g6 2. d4 Bg7 3. Nc3 d6 4. Bc4 Nf6 5. f3 0-0 6. Be3 c6 7. Qd2 d5 8. Bb3 dxe4 9. Nxe4 Nxe4 10. fxe4 a5 11. a3 e5 12. d5 Qh4+ 13. Qf2 Qxe4 14. 0-0-0 Qf5 15. Qd2 a4 16. Ba2 cxd5 17. Bxd5 Nc6 18. Nh3 e4 19. Ng5 Qe5 20. c3 Bf5 21. Bc5 Ne7 22. Rhe1 Nxd5 23. Bxf8 Rxf8 24. Qxd5 Qf4+ 25. Qd2 e3 26. Qxe3 Qxe3+ 27. Rxe3 Bh6 28. h4 f6 29. Rg3 Be4 30. Rd4 Bc6 31. b3 fxg5 32. hxg5 Bg7 33. Rh4 axb3 34. Rb4 Be5 35. Rd3 Rf1+ 36. Kb2 Rf2+ 37. Kxb3 Rxg2 38. Rd8+ Kf7 39. Rxb7+ Bxb7 40. Rd7+ Ke6 41. Rxb7 Rxg5 0-1

[Event "Tatry op"]
[Site "Tatranske Zruby"]
[Date "2019.10.02"]
[Round "6"]
[White "Demeter, Peter"]
[Black "Biolek, Richard"]
[Result "0-1"]
[WhiteElo "2117"]
[BlackElo "2415"]
[PlyCount "62"]
[EventDate "2019.09.28"]
[EventType "swiss"]
[EventRounds "9"]
[EventCountry "SVK"]
[SourceTitle "EXT 2020"]
[Source "ChessBase"]
[SourceDate "2019.10.17"]
[SourceVersion "1"]
[SourceVersionDate "2019.10.17"]
[SourceQuality "1"]

1. c4 e5 2. d3 g6 3. Nf3 Bg7 4. g3 Ne7 5. Bg2 0-0 6. Nc3 c6 7. 0-0 d5 8. cxd5 cxd5 9. Bg5 f6 10. Bd2 Nbc6 11. Qb3 Kh8 12. Rfc1 Bg4 13. Be1 Qd7 14. Qa3 Rfc8 15. Qa4 a6 16. Qd1 b5 17. Nb1 e4 18. dxe4 dxe4 19. Qxd7 Bxd7 20. Nfd2 f5 21. Nc3 b4 22. Nd1 Nd4 23. Rxc8+ Rxc8 24. Ne3 Nxe2+ 25. Kf1 Bb5 26. Ndc4 Rxc4 27. Nxc4 Bxc4 28. Bxb4 Bxb2 29. Re1 Nc6 30. Bc5 Ne5 31. g4 Nd4+ 0-1

[Event "Tatry op"]
[Site "Tatranske Zruby"]
[Date "2019.09.30"]
[Round "4"]
[White "Demeter, Peter"]
[Black "Dvorak, Vladimir"]
[Result "1-0"]
[WhiteElo "2117"]
[BlackElo "1935"]
[PlyCount "57"]
[EventDate "2019.09.28"]
[EventType "swiss"]
[EventRounds "9"]
[EventCountry "SVK"]
[SourceTitle "EXT 2020"]
[Source "ChessBase"]
[SourceDate "2019.10.17"]
[SourceVersion "1"]
[SourceVersionDate "2019.10.17"]
[SourceQuality "1"]

1. c4 f5 2. Nf3 Nf6 3. g3 e6 4. Bg2 Be7 5. 0-0 0-0 6. Nc3 d6 7. d3 e5 8. e4 Nc6 9. exf5 Bxf5 10. h3 Qe8 11. Ng5 Nb4 12. Nge4 c5 13. g4 Bg6 14. Be3 Nc6 15. f4 exf4 16. Bxf4 Qd7 17. Be3 Ne5 18. Nxf6+ Bxf6 19. Ne4 Be7 20. Qe2 Kh8 21. d4 cxd4 22. Bxd4 Qe6 23. b3 Nc6 24. Bb2 Rae8 25. Nc3 Bf6 26. Qxe6 Rxe6 27. Nd5 Nd4 28. g5 Ne2+ 29. Kh2 1-0

[Event "Tatry op"]
[Site "Tatranske Zruby"]
[Date "2019.09.29"]
[Round "3.24"]
[White "Kucera, Michal"]
[Black "Demeter, Peter"]
[Result "1/2-1/2"]
[WhiteElo "1944"]
[BlackElo "2117"]
[PlyCount "104"]
[EventDate "2019.09.28"]
[EventType "swiss"]
[EventRounds "9"]
[EventCountry "SVK"]
[SourceTitle "EXT 2020"]
[Source "ChessBase"]
[SourceDate "2019.10.17"]
[SourceVersion "1"]
[SourceVersionDate "2019.10.17"]
[SourceQuality "1"]

1. e4 c5 2. Nf3 d6 3. d4 cxd4 4. Nxd4 Nf6 5. Nc3 g6 6. Be3 Bg7 7. f3 0-0 8. Qd2 Nc6 9. 0-0-0 Be6 10. Kb1 Qd7 11. h4 h5 12. Nxe6 Qxe6 13. Nd5 Nxd5 14. exd5 Qf6 15. c3 Qf5+ 16. Qd3 Qxd3+ 17. Bxd3 Ne5 18. Bc2 Bf6 19. Bd4 a6 20. Rde1 Rfe8 21. Re2 Kg7 22. Re4 Nd7 23. Rhe1 Kf8 24. g4 Bxd4 25. Rxd4 Ne5 26. Bd1 hxg4 27. fxg4 Kg7 28. Rh1 Rac8 29. Be2 Rf8 30. Rb4 b5 31. a4 Rc5 32. axb5 axb5 33. Rd1 f5 34. gxf5 gxf5 35. Rxb5 Rxb5 36. Bxb5 f4 37. Bf1 Ng4 38. c4 Ne3 39. Rc1 f3 40. Re1 Nf5 41. Re4 Rf6 42. Rf4 Ne3 43. Rxf6 Kxf6 44. Bd3 Ke5 45. Kc1 Kd4 46. Kd2 f2 47. h5 f1Q 48. Bxf1 Nxf1+ 49. Ke1 Ne3 50. h6 Ng2+ 51. Kd2 Nf4 52. h7 Ng6 1/2-1/2

[Event "SVK-ch 50"]
[Site "Tatranske Matliare"]
[Date "2019.05.30"]
[Round "7"]
[White "Nicolini, Alexander"]
[Black "Demeter, Peter"]
[Result "0-1"]
[WhiteElo "2157"]
[BlackElo "2095"]
[PlyCount "84"]
[EventDate "2019.05.25"]
[EventType "swiss"]
[EventRounds "9"]
[EventCountry "SVK"]
[SourceTitle "CBM 190 Extra"]
[Source "ChessBase"]
[SourceDate "2019.07.15"]
[SourceVersion "1"]
[SourceVersionDate "2019.07.15"]
[SourceQuality "1"]

1. e4 g6 2. d4 Bg7 3. Nc3 d6 4. Bc4 Nf6 5. Nge2 0-0 6. f3 c6 7. a4 d5 8. Bb3 dxe4 9. fxe4 c5 10. d5 Nbd7 11. 0-0 Ng4 12. a5 c4 13. Nf4 Nxh2 14. Kxh2 cxb3 15. cxb3 Ne5 16. Qe2 a6 17. Bd2 Qd6 18. Kh1 g5 19. Nd3 Ng4 20. g3 Qxg3 21. e5 Nxe5 22. Nxe5 Bxe5 23. Ra4 Qh3+ 24. Kg1 Bd6 25. Rc4 Bf5 26. Rf3 Bg3 27. Be1 Bg4 28. Rxg4 Qxg4 29. Rxg3 Qxe2 30. Rxg5+ Kh8 31. Nxe2 Rg8 32. Bc3+ f6 33. Rg2 Rxg2+ 34. Kxg2 Kg7 35. Kf3 Kf7 36. Nf4 Rd8 37. Ke4 Rg8 38. b4 Rh8 39. Kf5 h5 40. Bd4 Rg8 41. Bf2 Rg4 42. Be1 Rg5+ 0-1

[Event "SVK-chT1E 1819"]
[Site "Slovakia"]
[Date "2019.02.02"]
[Round "7.3"]
[White "Demeter, Peter"]
[Black "Motycakova, Monika"]
[Result "1/2-1/2"]
[WhiteElo "2114"]
[BlackElo "2166"]
[PlyCount "41"]
[EventDate "2018.10.27"]
[EventType "team-tourn"]
[EventRounds "11"]
[EventCountry "SVK"]
[SourceTitle "CBM 188 Extra"]
[Source "ChessBase"]
[SourceDate "2019.02.26"]
[SourceVersion "1"]
[SourceVersionDate "2019.02.26"]
[SourceQuality "1"]
[WhiteTeam "Sabinov"]
[BlackTeam "Liptov Chess School II"]
[WhiteTeamCountry "SVK"]
[BlackTeamCountry "SVK"]

1. Nf3 d5 2. g3 c6 3. Bg2 Bg4 4. d3 Nd7 5. h3 Bh5 6. 0-0 Ngf6 7. c4 e6 8. cxd5 exd5 9. Nc3 Bd6 10. e4 dxe4 11. dxe4 Ne5 12. g4 Bg6 13. Nxe5 Bxe5 14. Qxd8+ Rxd8 15. f4 Bd4+ 16. Kh2 h6 17. f5 Bh7 18. Ne2 Be5+ 19. Bf4 Nd7 20. Rfd1 g5 21. Bxe5 1/2-1/2

[Event "SVK-chT2D 1819"]
[Site "Slovakia"]
[Date "2018.12.16"]
[Round "6.2"]
[White "Michel, Norbert"]
[Black "Demeter, Peter"]
[Result "1/2-1/2"]
[WhiteElo "2001"]
[BlackElo "2115"]
[PlyCount "105"]
[EventDate "2018.10.13"]
[EventType "team-tourn"]
[EventRounds "11"]
[EventCountry "SVK"]
[SourceTitle "CBM 189 Extra"]
[Source "ChessBase"]
[SourceDate "2019.06.03"]
[SourceVersion "1"]
[SourceVersionDate "2019.06.03"]
[SourceQuality "1"]
[WhiteTeam "Kosice Slavia TU IV"]
[BlackTeam "Presov Tatran Dason"]
[WhiteTeamCountry "SVK"]
[BlackTeamCountry "SVK"]

1. e4 d6 2. d4 Nf6 3. Nc3 g6 4. Nge2 Bg7 5. g3 c5 6. dxc5 Qa5 7. cxd6 Nxe4 8. Qd5 Qxd5 9. Nxd5 Na6 10. dxe7 f5 11. Nef4 Kf7 12. Bc4 Nd6 13. Bb3 Nc5 14. Nc7+ Nxb3 15. axb3 Bd7 16. Nxa8 Bc6 17. 0-0 Rxa8 18. Re1 Bf6 19. Nd3 Be4 20. Bf4 Bxe7 21. Ne5+ Kf6 22. Nd7+ Kf7 23. c3 g5 24. Be3 a6 25. Bc5 Rd8 26. Ne5+ Kf6 27. Bb6 Rc8 28. Nd7+ Kf7 29. f3 Bc2 30. Re2 Bxb3 31. Rae1 Bf8 32. Nxf8 Kxf8 33. Re7 Rc6 34. Bd4 Bd5 35. Kf2 g4 36. Rxh7 gxf3 37. Rd7 Ne4+ 38. Kg1 Bc4 39. Be3 Be2 40. Rc1 b5 41. Rd5 Rf6 42. Bd4 f4 43. Bxf6 f2+ 44. Kg2 f3+ 45. Kh1 Nxf6 46. Re5 Kf7 47. h3 f1Q+ 48. Rxf1 Bxf1 49. Re3 Bxh3 50. Rxf3 Be6 51. Kg1 Ke7 52. Kf2 Nd5 53. Rd3 1/2-1/2

[Event "SVK-chT1E 1819"]
[Site "Slovakia"]
[Date "2018.11.25"]
[Round "4.3"]
[White "Varga, Lukas"]
[Black "Demeter, Peter"]
[Result "1/2-1/2"]
[WhiteElo "2049"]
[BlackElo "2114"]
[PlyCount "115"]
[EventDate "2018.10.27"]
[EventType "team-tourn"]
[EventRounds "11"]
[EventCountry "SVK"]
[SourceTitle "CBM 188 Extra"]
[Source "ChessBase"]
[SourceDate "2019.02.26"]
[SourceVersion "1"]
[SourceVersionDate "2019.02.26"]
[SourceQuality "1"]
[WhiteTeam "Kosice Slavia TU II"]
[BlackTeam "Sabinov"]
[WhiteTeamCountry "SVK"]
[BlackTeamCountry "SVK"]

1. e4 d6 2. d4 Nf6 3. Nc3 g6 4. g3 Bg7 5. Bg2 0-0 6. Nge2 e5 7. h3 Nc6 8. Be3 a6 9. 0-0 exd4 10. Nxd4 Ne5 11. Re1 c5 12. Nf3 Nc4 13. Bc1 Be6 14. Ng5 Bc8 15. Nf3 Ra7 16. b3 Ne5 17. Nxe5 dxe5 18. Qxd8 Rxd8 19. Be3 b6 20. Na4 Nd7 21. Rad1 Re8 22. Rd6 b5 23. Nxc5 Nxc5 24. Rd5 Rc7 25. Rxc5 Rxc5 26. Bxc5 Bf8 27. Bxf8 Kxf8 28. Bf1 Ke7 29. Ra1 Rd8 30. a4 b4 31. a5 Rd4 32. Bd3 Kd6 33. f3 Kc5 34. Kf2 Rd6 35. Ke3 h6 36. h4 f6 37. f4 Bd7 38. Bc4 Be8 39. fxe5 fxe5 40. Rf1 Bb5 41. Bxb5 Kxb5 42. Rf8 Re6 43. g4 Kxa5 44. g5 hxg5 45. hxg5 Rc6 46. Re8 Rxc2 47. Rxe5+ Kb6 48. Re6+ Kb5 49. Rxg6 Rc3+ 50. Kd4 Rxb3 51. Rg8 Rg3 52. e5 Kc6 53. Rg6+ Kd7 54. Rxa6 Rxg5 55. Rb6 Rg1 56. Rb7+ Ke6 57. Rb6+ Ke7 58. Rxb4 1/2-1/2

[Event "SVK-chT1E 1819"]
[Site "Slovakia"]
[Date "2018.11.24"]
[Round "3.3"]
[White "Demeter, Peter"]
[Black "Dovzik, Juri"]
[Result "1/2-1/2"]
[WhiteElo "2114"]
[BlackElo "2269"]
[PlyCount "58"]
[EventDate "2018.10.27"]
[EventType "team-tourn"]
[EventRounds "11"]
[EventCountry "SVK"]
[SourceTitle "CBM 188 Extra"]
[Source "ChessBase"]
[SourceDate "2019.02.26"]
[SourceVersion "1"]
[SourceVersionDate "2019.02.26"]
[SourceQuality "1"]
[WhiteTeam "Sabinov"]
[BlackTeam "Kosice Slavia UPJS"]
[WhiteTeamCountry "SVK"]
[BlackTeamCountry "SVK"]

1. d3 d5 2. g3 Nf6 3. Bg2 c5 4. Nf3 Nc6 5. 0-0 e6 6. c4 Be7 7. cxd5 Nxd5 8. Nc3 0-0 9. Nxd5 exd5 10. e4 Be6 11. Bf4 h6 12. Qa4 a6 13. exd5 Bxd5 14. Be3 Nb4 15. d4 b5 16. Qd1 c4 17. a3 Nd3 18. Qd2 Bf6 19. Ne1 Bxg2 20. Kxg2 Bxd4 21. Nxd3 cxd3 22. Rad1 Bf6 23. Qxd3 Qxd3 24. Rxd3 Bxb2 25. Rb1 Bf6 26. a4 bxa4 27. Ra3 a5 28. Rxa4 Bc3 29. Rc1 Rac8 1/2-1/2